| 000 | 00693nam a2200181Ia 4500 | ||
|---|---|---|---|
| 008 | 100917s9999 xx 000 0 und d | ||
| 082 | _b19919 | ||
| 100 | _a--- | ||
| 245 | _aघटकाभर करमणूक (सगुणाबाईची आपल्या मुलीस पत्रे ) | ||
| 260 |
_b--- _c1901 |
||
| 300 | _a72 | ||
| 365 | _b0 | ||
| 520 | _a--- | ||
| 630 | _aघटकाभर करमणूक (सगुणाबाईची आपल्या मुलीस पत्रे ) | ||
| 650 | _a--- | ||
| 730 | _aघटकाभर करमणूक (सगुणाबाईची आपल्या मुलीस पत्रे ) | ||
| 942 | _cBOOK | ||
| 999 |
_c625313 _d625310 |
||